Generalized hypergeometric functions / (Record no. 7793)

MARC details
000 -LEADER
fixed length control field 00958cam a2200265 a 4500
001 - CONTROL NUMBER
control field 4345034
003 - CONTROL NUMBER IDENTIFIER
control field OSt
005 - DATE AND TIME OF LATEST TRANSACTION
control field 20220304123022.0
008 - FIXED-LENGTH DATA ELEMENTS--GENERAL INFORMATION
fixed length control field 891024s1990 enka b 001 0 eng
010 ## - LIBRARY OF CONGRESS CONTROL NUMBER
LC control number 89026453
020 ## - INTERNATIONAL STANDARD BOOK NUMBER
International Standard Book Number 0198535678
040 ## - CATALOGING SOURCE
Original cataloging agency DLC
Transcribing agency DDC
Modifying agency DLC
082 00 - DEWEY DECIMAL CLASSIFICATION NUMBER
Classification number 516.DWO
100 1# - MAIN ENTRY--PERSONAL NAME
Personal name Dwork, Bernard M.
9 (RLIN) 15875
245 10 - TITLE STATEMENT
Title Generalized hypergeometric functions /
Statement of responsibility, etc. Bernard Dwork.
260 ## - PUBLICATION, DISTRIBUTION, ETC. (IMPRINT)
Place of publication, distribution, etc. Oxford [England] :
Name of publisher, distributor, etc. Clarendon Press ;
Place of publication, distribution, etc. New York :
Name of publisher, distributor, etc. Oxford University Press,
Date of publication, distribution, etc. 1990.
300 ## - PHYSICAL DESCRIPTION
Extent 188 p. :
Other physical details ill. ;
Dimensions 24 cm.
440 #0 - SERIES STATEMENT/ADDED ENTRY--TITLE
Title Oxford mathematical monographs
9 (RLIN) 15876
504 ## - BIBLIOGRAPHY, ETC. NOTE
Bibliography, etc Includes bibliographical references (p. [180]-181) and indexes.
650 #0 - SUBJECT ADDED ENTRY--TOPICAL TERM
Topical term or geographic name as entry element Hypergeometric functions.
9 (RLIN) 15877
856 42 - ELECTRONIC LOCATION AND ACCESS
Materials specified Publisher description
Uniform Resource Identifier http://www.loc.gov/catdir/enhancements/fy0637/89026453-d.html
906 ## - LOCAL DATA ELEMENT F, LDF (RLIN)
a 7
b cbc
c orignew
d 1
e ocip
f 19
g y-gencatlg
942 ## - ADDED ENTRY ELEMENTS (KOHA)
Source of classification or shelving scheme Dewey Decimal Classification
Koha item type Open Shelf
Holdings
Withdrawn status Lost status Source of classification or shelving scheme Damaged status Not for loan Home library Current library Date acquired Inventory number Total Checkouts Full call number Barcode Date last seen Price effective from Koha item type
    Dewey Decimal Classification     MUST Main Library MUST Main Library 04/03/2022 97/11301   516.DWO 2022-0407 04/03/2022 04/03/2022 Open Shelf
    Dewey Decimal Classification     MUST Main Library MUST Main Library 04/03/2022 97/11302   516.DWO 2022-0408 04/03/2022 04/03/2022 Open Shelf
    Dewey Decimal Classification     MUST Main Library MUST Main Library 04/03/2022 97/11300   516.DWO 2022-0409 04/03/2022 04/03/2022 Open Shelf
    Dewey Decimal Classification     MUST Main Library MUST Main Library 04/03/2022 97/10423   516.DWO 2022-0410 04/03/2022 04/03/2022 Open Shelf